00874cam a22002411 450000100060000000300080000600500170001400800410003103500190007204000320009104100080012308200180013110000310014924500840018026000310026430000310029549000220032652001780034865000320052665000210055865100310057970000220061019724BD-RjUL20211209000453.0140225s1950 nyua 000 1aeng d a(BD-RjUL)19785 aDLCcDLCdDLCdBD-RjULbeng aeng00a821bBUP 19501 aBurns, Robert,d1759-1796.10aPoems of Robert Burns /cSelected by Lloyd Frankenberg. Drawings by Joseph Low. aNew York :bCrowell,c1950 a136 p. :billus. ;c21 cm.0 aThe Crowell poets aSelected works of the Scottish poet whose immortality was assured at thirty-seven with such compositions as, "Auld Lang Syne", "Comin' thro' the Rye", and "A Red, Red Rose". 0aChildren's poetry, English. 1aScottish poetry. 0aScotlandvJuvenile poetry.1 aBrander, Laurence